| 000 | 00477 a2200169 4500 | ||
|---|---|---|---|
| 020 | _a1580536778 | ||
| 040 |
_aDLC _bDLC |
||
| 082 | 0 | 0 | _a621.382/12 |
| 100 | 1 | _aOhrtman, Frank. | |
| 245 | 1 | 0 |
_aVoice over 802.11 _cFrank Ohrtman. |
| 260 |
_aBoston : _bArtech House, _cc2004. |
||
| 300 |
_axv, 258 p. : _bill. ; _c24 cm. |
||
| 440 | 0 | _aArtech House telecommunications library | |
| 650 | 0 | _aIEEE 802.11 (Standard) | |
| 650 | 0 | _aInternet telephony. | |
| 942 |
_cBK _k621.38212 OHR _2ddc |
||
| 999 |
_c8183 _d8183 |
||